Quizzes
Events
Quiz Creation
Community
Videos
Private Events
Remove Ads
Sign In
Join for FREE
Feedback
Dark Mode
Quiz Categories
Sports
Geography
Music
Movies
Television
Just For Fun
Miscellaneous
History
Literature
Language
Science
Gaming
Entertainment
Religion
Holiday
For Kids
Quiz Lab
Recent
Popular Today
Quiz Kudos Today
Editor Picks
Curator Picks
Quizzes by...
Day
Popularity
Type
Ratings
Length
Year
Community
Subscriptions
Recent Discussions
Orange Saloon
Badges
Playlists
Quests
Create
Leaderboards
Showdown
Live 5
Trivia Bingo
Activity
Puzzle Library
Sporcle Events
Private Events
Virtual Trivia
Globe League
Become a Host
Pub Owners
SporcleCon
Opinionation
Our Games
Videos
Blog
Mobile Apps
Partnerships
Remove Ads and Go Orange
Feedback
Music
Pop Music
The Beatles
Song
Album
Lyrics
Bands
Singers
Artist
Clip
Rock
Rap
Classical
Billboard
Country Music
Kpop
Taylor Swift
Music
Pop Music
The Beatles
Song
Album
Lyrics
Bands
Singers
Artist
Clip
Rock
Rap
Classical
Billboard
Country Music
Kpop
Taylor Swift
Random Quiz
Search Sporcle
×
Quiz Lab
Quiz Lab
Music
Kpop
Type in answers that appear in a list
Type in answers that appear in a list
Classic
Best Score? Go Orange.
Top 30 K-Pop Songs May 2017 [Audio Quiz] Stats
Guess My Top 30 K-Pop Songs of May 2017!
By
Oncelvis
10m
30 Questions
400 Plays
400 Plays
400 Plays
Comments
Comments
Give Quiz Kudos
Give Quiz Kudos
-
- Ratings
hide this ad
More Info
Forced Order
Answers have to be entered in order
Answers have to be entered in order
Replay
Link that replays current quiz
Next Quiz
Link to next quiz in quiz playlist
You Got
0%
They Got
Avg Score
36%
Avg Friend Score
Upgrade to see
Score Distribution
Jump to the score distribution portion of the page
Score
0/30
Timer
10:00
0
Plays Today
Ranking
Song
% Correct
#19
Bling Bling
82.8%
#4
Signal
79.8%
#25
365 Fresh
79%
#12
Don't Wanna Cry
77.3%
#28
Shangri-La
73.5%
#20
B-Day
68%
#7
New Face
65%
#1
Lonely
54.3%
#10
I Luv It
51.3%
#26
Cactus
43%
#17
Dance Dance
42.3%
#21
Baby
38.3%
#15
Calling You
37.8%
#11
Sun, Moon, Star
35.3%
#16
Right?
31.8%
Ranking
Song
% Correct
#22
Only You
29.3%
#6
Flower (You)
24.5%
#5
Now, We
24.3%
#2
Mayday
23.3%
#3
Hello Hello
20.5%
#8
Eclipse
19.5%
#24
Anck Su Namum
18.8%
#18
Wonder If
15%
#29
I'm Ready
14.3%
#13
Trouble
13.5%
#27
Like You
12.8%
#23
Too Much
9.3%
#9
Sweet Lies
8.8%
#14
Lovesick
7.8%
#30
Stay With Me
5.5%
Quiz Playlist
Details
Report
Send in Message
Add To Playlist
More Info:
lots of boy group comebacks that were kinda meh and a few girl group comebacks that were fantastic
Classic:
Type in answers that appear in a list
Forced Order:
Answers have to be entered in order
Last Updated: Aug 3, 2017
Quiz Scoreboard
CHALLENGE
Sign Up to Join the Scoreboard
Show All
Scores
Hide
Comments
May contain spoilers
Recently Published
9x9 Crossword: Cartoon Network
by jackfrog10
Miscellaneous
3m
College Basketball Coaching Resumes
by pancakes188
Sports
9m
Billboard Blitz: Fleetwood Mac
by CooCooCachoo
Music
15s
More to Explore
Quiz From the Vault
Featured Blog Post
Where Did the Easter Bunny Come From?
hide this ad
You Might Also Like...
Tags
Kpop Quiz
Kpop Quiz
Today's Top Quizzes in Music
Browse Music
hide this ad
Today's Top Quizzes in Kpop
Browse Kpop
Top Contributed Quizzes in Music
1
Taylor Swift All Songs (2024)
2
Guess the Artist- 70s Songs
3
7-to-1: Billboard Hot 100 #1 Hits of 2010s
4
Sorting Albums and Songs
5
Taylor Swift Logic Puzzle
6
KPOP LOGIC QUIZ
7
Guess the Taylor Swift song (Mystery Song)
8
Guess The Taylor Swift Lyrics Song #1
9
Billboard Blitz: ABBA
10
One Thing in Common: Music
Explore More
Trending Topics
Crossword
Disney
Anime
NBA
Kpop
Harry Potter
Marvel
NFL
Pokémon
Puzzle
The Office
WWE
Country
Soccer
Song
hide this ad
More By:
Oncelvis
Quiz
Plays
Rating
Category
Featured
Created
Sort the 'Reputation' Lyrics to Songs
2,273
4.50
Music
Nov 12, 2017
SHIMMixes' 2017 K-Pop Mash-Up [Audio Quiz]
1,750
5.00
Music
Jan 30, 2018
Boy Groups with the most Spotify Followers
1,728
4.36
Music
Jul 26, 2017
Guess Iconic K-Pop Songs in 3 Seconds
1,681
4.45
Music
Jul 15, 2017
Girl Groups with the most Spotify Followers
1,389
4.20
Music
Jul 26, 2017
Go to Creator's Profile
Score Distribution
Quiz Creator Spotlight
Oncelvis
Follow
Send a Message
Quizzes Created
-
Created Quiz Play Count
-
More By This Creator
Popular Quizzes Today
1
Find the US States - No Outlines Minefield
2
Find the Countries of Europe - No Outlines Minefield
3
The Countries of the World
4
Find the US States
5
Risky Map Clicking: Biggest States A-Z
6
US States
7
Popular People in 1961
8
Movies - When Are They Set?
More Music Quizzes
Figure Out the Lyrics IV
Published
Trending Quizzes
Risky Map Clicking: Least Populous States A-Z
1-10 Letter G Words
1-10 Letter F Words
Risky Map Clicking: Next State Alphabetically
Adjectives in 80s TV Shows
Recently Updated
Leaping Animals
pecheneg
Reality TV Shows (A-Z)
bhenderson79
Rickey Henderson's Hall of Fame Teammates
pecheneg
Champions League XIs: Arsenal
pecheneg
Quick Pick: Celebrities in WWE's Hall of Fame
aduchscher
A-Z Keypad Blitz II
pecheneg
Multiple Oscar Actors
pecheneg
Mystery Phrase Blitz: Oscar 'Best Actors'
pecheneg
F. Scott Fitzgerald Novels
LTH
Pick 3 Villains
ddd62291
Trending Topics
Marvel
Anime
NBA
Harry Potter
Disney
Kpop
Crossword
NFL
Country
The Office
WWE
Soccer
Pokémon
Puzzle
Song
Your Account Isn't Verified!
In order to create a playlist on Sporcle, you need to verify the email address you used during registration. Go to your
Sporcle Settings
to finish the process.
Report this User
Report this user for behavior that violates our
Community Guidelines
.
Details:
Send Report
Go to the Sporcle.com Mobile Site →
Comments